| 000 | 00752nam a2200205 a 4500 | ||
|---|---|---|---|
| 005 | 20210219160512.0 | ||
| 008 | 081109s2000 mx r 000 0 spa d | ||
| 035 | _aUPN01000166988 | ||
| 049 | _aUNE | ||
| 080 | _a008: 338 (267)=20 BHE No.34. | ||
| 100 | 1 | _aBheenick, R. | |
| 245 | 1 | 0 | _aSouth Western Indian Ocean Region: present status of future-oriented reflection/ by R. Bheenick. |
| 260 | _aParis : UNESCO, 1988. | ||
| 300 | _a149 p. | ||
| 440 | 0 | _aStudies and documents. Major programme I. Reflection on wor- | |
| 690 | _aDesarrollo economico y social- Territorios del Oceano Indico | ||
| 690 | _aPolitia cultural- Politica cientifica- Politica educacional | ||
| 690 | _aOceano Indico- Desarrollo economico y social | ||
| 905 | _aUNESCO | ||
| 999 |
_c139099 _d139099 |
||